The republic of technology : Reflections on our future community
Guardado en:
| Autor principal: | |
|---|---|
| Formato: | Libro |
| Lenguaje: | Undetermined |
| Publicado: |
New York
Harper Colophon Books
1978
|
| Materias: | |
| Etiquetas: |
Agregar Etiqueta
Sin Etiquetas, Sea el primero en etiquetar este registro!
|
| Thư viện lưu trữ: | Trung tâm Học liệu Trường Đại học Cần Thơ |
|---|
| LEADER | 00568nam a2200205Ia 4500 | ||
|---|---|---|---|
| 001 | CTU_78169 | ||
| 008 | 210402s9999 xx 000 0 und d | ||
| 082 | |a 301.24 | ||
| 082 | |b B724 | ||
| 100 | |a Boorstin, Daniel J. | ||
| 245 | 4 | |a The republic of technology : | |
| 245 | 0 | |b Reflections on our future community | |
| 245 | 0 | |c Daniel J. Boorstin | |
| 260 | |a New York | ||
| 260 | |b Harper Colophon Books | ||
| 260 | |c 1978 | ||
| 650 | |a Technology | ||
| 650 | |x Social aspects | ||
| 650 | |z United States | ||
| 980 | |a Trung tâm Học liệu Trường Đại học Cần Thơ | ||